Alphabetical Sevensomes Quiz Stats

 Plays Quiz Updated Dec 16, 2015

Score 0/56 Timer 07:00
3 Plays Today
% Correct
Africa
88.9%
Asia
87.3%
Antarctica
86.4%
South America
82%
Europe
81.1%
North America
80.5%
Monday
76%
Sneezy
75.6%
Wednesday
74.4%
Dopey
74.4%
Doc
73.6%
Tuesday
73.3%
Friday
73.2%
Sleepy
73.1%
Happy
72.7%
Thursday
72.1%
Sunday
70.1%
Wrath
69.9%
Grumpy
69.5%
Greed
68.7%
Oceania
68.4%
Saturday
68.3%
Panama
68%
Bashful
67.8%
Envy
67.8%
Blue
67.5%
Lust
66.9%
Honduras
66.8%
% Correct
Yellow
66.6%
Pride
66.5%
Sloth
66.5%
Red
65.6%
Green
65.5%
Nicaragua
65.5%
Orange
65.1%
Do
65.1%
Fa
64.4%
Guatemala
64.2%
Mi
63.8%
Violet
63.7%
Indigo
63.6%
Ti
63.5%
Costa Rica
63.3%
El Salvador
63%
La
62.6%
Re
61.1%
Gluttony
60.2%
Ampere
59.5%
Sol
59%
Meter
57.5%
Belize
57.4%
Kilogram
56.9%
Mole
56.2%
Kelvin
54.2%
Candela
51.8%
Second
50.6%

You're not logged in!

Compare scores with friends on all Sporcle quizzes.
OR
Log In

Sporcle TV

Today on Sporcle TV


Watch our educational content, quiz creation guides, and fun videos on Sporcle TV.

Show Comments

Extras

Top Quizzes Today


Score Distribution

Your Account Isn't Verified!

In order to create a playlist on Sporcle, you need to verify the email address you used during registration. Go to your Sporcle Settings to finish the process.

Report this User

Report this user for behavior that violates our Community Guidelines.

Details: